000 00490nam a2200181Ia 4500
005 20250508151432.0
008 008 250505s9999 xx 000 0 eng d
037 _aTextual
040 _aFEDL
_beng
_cFEDL
041 _aeng
_2eng
084 _aB, HAR
_qFEDL
100 _aHartog P J
_9758623
245 0 _aMemoir by his wife Mabel Hartog
260 _aLondon, UK
_bConstable and Company Ltd.
_c1949
300 _a178p.
942 _cTEXL
_hB, HAR
999 _c1329767
_d1329767